1643 1192 1872 1436 1529 1045 1474 1338 1574 1794 1780 1920 1233 1981 1357 1872 1586 1376 1174 1418 1518 1994 1787 1746 1761 1384 1777 1468 1672 1506 1529 1029 1441 1573 1218 1318 1454 1728 1644 1602 1013 1947 1289 1800 1862 1991 1683 1507 1425 1738 1069 1378 1368 1764 1579 1418 1351 1383 1778 1602 1488 1031 1613 1294 1617 1681 1088 1210 1165 1470 1339 1337 1252 1331 1903 1670 1526 1562 1239 1176 1888 1543 1916 1434 1727 1826 1792 1757 1884 1073 1022 1177 1445 1688 1594 1541 1721 1459 1838 BCNSPRNW ULIB Ver.6.0+V

เปลี่ยนเป็นภาษาไทย

Change to English
 แสดงรายละเอียดบรรณานุกรม
  กลับหน้าหลัก

Brief Record : Get Marc (ISO 2709) : E-mail record : QR code < ปิดหน้าต่าง
LEADER : 00000nam 2200000uu 4500
001    13399114961
003     ULIB
008    020711s2550 th a 000 0 tha d
099    ^aวจ.WY18.5^bก382ค
100    ^aกัญญ์สิริ จันทร์เจริญ
245    ^aคุณลักษณะที่พึงประสงค์ของบัณฑิต วิทยาลัยพยาบาลบรมราชชนนี สงขลา/^cกัญญ์สิริ จันทร์เจริญ,จารุณี วาระหัส,สุกันยา นัครามนตรี,บุษกร โกมลภมร และ สวรส บุณยะปาล
260    ^aสงขลา :^bวิทยาลัยพยาบาลบรมราชชนนี สงขลา,^c2550
300    ^a117 หน้า
650    คุณลักษณะที่พึงประสงค์^xบัณฑิตพยาบาล^xวิจัย
700 0  จารุณี วาระหัส
700 0  สุกันยา นัครามนตรี
700 0  บุษกร โกมลภมร
700 0  สวรส บุณยะปาล
710 12 ^aวิทยาลัยพยาบาลบรมราชชนนี สงขลา
945    ^p0^l0^i021911
995    ทศพร
999 ^a ทศพร
รายการนี้ยังไม่มีแท็ก
คุณยังไม่ได้ล็อกอิน คุณสามารถมีกิจกรรมร่วมกับเว็บไซต์ได้ แต่ต้องล็อกอินก่อน ::
  ล็อกอิน

รายการสื่อสารสนเทศ

ลำดับที่ ประเภท เลขเรียก/บาร์โค้ด สถานที่ สถานะ
- ไม่พบข้อมูล -

รายการใกล้เคียง
    ผู้แต่ง [กัญญ์สิริ จันทร์เจริญ]

BibComment


ยังไม่เคยถูกคอมเมนท์

คอมเมนท์ทรัพยากรรายการนี้
  คอมเมนท์: คุณลักษณะที่พึงป..


 Copyright 2026. Bcnsprnw @Library